00703 2200241 4500001002100000005001700021008004100038020001800079035002400097040001200121082001200133090001700145245015000162250001100312260002500323300002100348650001000369700002500379700001800404700000900422850001200431990001800443YOGYA-0313000000019220130307135227.0 ind  a979-3249-92-7 0010-031300000000192 aYOPDYOG a297.382 a297.382bZik aZikir 99basmaul husna amalan terbaik dengan nama-nama Allah...cTim Zhra ; penerjemah, Mustofa Budi Santoso ; penyunting, Addys Aldizar dan Yudi aCet. 6 aJakartabZahrac2006 a224 hlm.c16 cm. aZikir aMustofa Budi Santoso aAddys Aldizar aYudi aYOPDYOG a47864-PD/B.09